000 01142nam0a2200313 4500
001 RU\NLR\BIBL_A\022658730
005 20260302131750.0
010 _a978-5-00248-019-7
_950
021 _aRU
_bКН-П-25-051859
_9КН-П-25-5013
035 _a(NLR Aleph) 022658730
090 _a13555676
_c13555676
100 _a20251101d2025 m y0rusy50 ca
101 0 _arus
102 _aRU
105 _aac z 000gy
181 0 _ai
_b xxe
182 0 _an
200 1 _aЖивая книжка
_eповеди
_e[стихи]
_fБрат Боха – первый япопец
203 _aТекст
_bвизуальный
_cнепосредственный
210 _aМосква
_cТипография имени Пушкина
_d2025
215 _a64, [1] с.
_cил., цв. портр.
_d21
333 _a18+
686 2 _aШ6(2=Р)8-5
700 0 _aБрат Боха – первый япопец
_cпсевдоним
_3RU\NLR\AUTH\770289299
942 _cBOOK
980 _aNB